000 02855cam a22005294i 4500
003 PE-LiUPU
005 20250731172918.0
008 150617s r 000 0 d
035 _a(Sirsi) a18999
040 _aPE-LiUPU
_bspa
_cPE-LiUPU
_erda
049 _aPRUA
082 0 4 _a280.4
_bG23
_221
100 1 _aGanuza, Juan Miguel,
_eautor.
245 1 4 _aLas sectas nos invaden /
_cJuan Miguel Ganuza.
264 1 _aFlorida :
_bEdiciones Paulinas,
_c1987.
300 _a140 páginas ;
_c18 cm
336 _atext
_2rdacontent
337 _aunmediated
_2rdamedia
338 _avolume
_2rdacarrier
490 0 _aColección Plenitud ;
_v11
505 0 _a¿Qué es una secta y qué busca la gente en ellas? -- De sectas a iglesias -- El fenómeno pentecostal -- "Solo Jesús" -- En la linea pentecostal -- El avance adventista -- Los testigos de Jehová: la supersecta -- ¡Estos asombrosos mormones? -- El ejército de salvación -- La "Ciencia Cristiana" un poder formidable -- Espiritismos -- ¿Católico y Rosacruz? -- ¿Y qué dice usted de la teosofía? -- ¿Resucitan los gnósticos? -- ¿Qué son los acuarios? -- "La metafísica" de Conny Méndez -- El Dios encarnado Maharaj Ji y su "Luz divina" -- Los Hare Krisna, o la Asociatión de la conciencia de Krismna -- El señor Moon y su iglesia de la unificación -- La fe Universal Baha'i -- La revolución mental o las diez mil formas de encontrarse a sí mismo -- Las lecciones que nos enseñan las sectas.
526 _aSEG42
526 _aSEG41
526 _aSEG40
526 _aSEG39
526 _aP94
526 _aP87
526 _aP86
526 _aP85
526 _aP77
526 _aP76
526 _aP35
650 0 4 _aSectas protestantes.
910 _ajck
_bjvq
_cjck
_d20150616
942 _2ddc
_cBOOK
949 _a280.4 G23
_wDEWEY
_c1
_i10132
_lCCODEBUL1
_mBUL
_p00.00
_r0
_sY
_tBOOK
_u2015-04-22
_xTEOLOGIA
_PP35
_0COMPRA
_o.STAFF. Colección general
949 _a280.4 G23
_wDEWEY
_c2
_i38660
_lCCODEBUL1
_mBUL
_p00.00
_r0
_sY
_tBOOK
_u19930710
_xTEOLOGIA
_PP35
_0COMPRA
_o.STAFF. Colección General
949 _a280.4 G23
_wDEWEY
_c3
_i32534
_lCCODEBUL1
_mBUL
_p00.00
_r0
_sY
_tBOOK
_u2015-04-22
_xTEOLOGIA
_PP35
_0COMPRA
_o.STAFF. Colección general
994 _aC0
_bPEPRU
596 _a1
999 _a280.4 G23
_wDEWEY
_c18752
_i10132
_f2021-11-11
_g5
_lCCODEBUL1
_mBUL
_r0
_sY
_tBOOK
_u2015-4-22
_xTEOLOGIA
_PP35
_0COMPRA
_o.STAFF. Colección general
_d18752
999 _a280.4 G23
_wDEWEY
_c2
_i38660
_d2022-7-17
_f2021-11-11
_g5
_lCCODEBUL1
_mBUL
_q1
_r0
_sY
_tBOOK
_u2015-6-17
_xTEOLOGIA
_PP35
_0COMPRA
_o.STAFF. Colección General
999 _a280.4 G23
_wDEWEY
_c3
_i32534
_f2019-12-11
_g4
_lDISCARD
_mBUL
_r1
_sY
_tBOOK
_u2015-4-22
_xTEOLOGIA
_PP35
_0COMPRA
_o.STAFF. Colección general
980 _81
_gALBERTO SANCHEZ Responsable de Automatización